Analysis of The Psychological State of Tour Guides in Guizhou China

Bibliographic Details
Main Author: LIU MENGXIA
Other Authors: Formádi Dr Katalin
Format: Thesis
Kulcsszavak:tour guides
psychological activity
psychological need
psychological quality
Online Access:http://dolgozattar.uni-bge.hu/11154

MARC

LEADER 00000nta a2200000 i 4500
001 dolg11154
005 20180227113255.0
008 170516suuuu hu om 000 eng d
040 |a BGE Dolgozattár Repozitórium  |b hun 
041 |a en 
100 1 |a LIU MENGXIA 
245 1 0 |a Analysis of The Psychological State of Tour Guides in Guizhou China  |c LIU MENGXIA  |h [elektronikus dokumentum] 
520 3 |a Tour guides play an important role in the tourism activities. The tour guide is not only the propagandist of the government, but the national folk ambassador. When we see vigorous development of tourism industry, we cannot ignore the psychological activities of tour guides and their contribution. The development of tourism has led to a rapid increase in the number of tour guides. According to statistics, in 2016 the number of Chinese tour guides reaches about 0.9 million. It can be seen that tour guides have become a pivotal group in the tourism industry. Guizhou Province is a developed tourism city. Many people work as a tour guide, so this research takes the full-time and part-time tour guides in regional travel agencies and tour guide service institutions as research object, and carries out the study from four aspects including tour guides’ psychological activities, psychological needs, psychological quality and psychological pressure; Through understanding current situation and influence factors of tour guides work, analysis of the psychological activity and demand of tour guides, on this basis discuss how to improve tour guides' psychological problems and needs, making the psychological state of tour guides more positive. At the same time, get reasonable suggestions for tour guides and tourism enterprises, thus contributing to healthy and sustainable development for tourism industry. 
695 |a tour guides 
695 |a psychological activity 
695 |a psychological need 
695 |a psychological quality 
700 1 |a Formádi Dr Katalin  |e ths 
856 4 0 |u http://dolgozattar.uni-bge.hu/11154/1/LIU%20MENGXIA--Analysis%20of%20The%20Psychological%20State%20of%20Tour%20Guides%20in%20Guizhou%20China.pdf  |z Dokumentum-elérés